000 00578nam a2200181Ia 4500
008 090124s9999 xx 000 0 und d
082 _b110164
100 _aगाडगीळ अमरेंद्र.
245 _a देवाचिये द्वारी
250 _a1
260 _c1963
300 _a31
600 _aगाडगीळ अमरेंद्र.
630 _a देवाचिये द्वारी
700 _aगाडगीळ अमरेंद्र.
730 _a देवाचिये द्वारी
942 _cBOOK
999 _c156255
_d156255